000 00626nam a2200217 a 4500
999 _c10544
_d10544
001 10544
003 BD-JhCC
005 20180621123129.0
008 171127s1967 enka|||| |||| 000 0 eng d
035 _a(BD-JhCC)10544
040 _aBD-JhCC
_dBD-JhCC
041 _aeng
082 _a950.4
_bSHE 1967
100 _aSherwani, Latif Ahmed
245 _aIndia, Pakistan, China, Japan /
_cLatif Ahmed Sherwani,
260 _aLondon :
_bGeorge Allen and Unwin Ltd.,
_c1967.
300 _a139 p. :
_billus.,
_c21 cm.
500 _aIncludes Index.
650 _aNationalism
_zAsia
_zJapan
_zChina
_zPakistan
_zIndia
942 _2ddc
_cBK